Diskontinuierliche arithmetische Gruppen im Funktionenkörperfall dissertation

Gespeichert in:
Bibliographische Detailangaben
1. Verfasser: Radtke, Wolfgang
Format: Buch
Sprache:Deutsch
Veröffentlicht: Bochum Ruhr-Universität 1984
Tags: Tag hinzufügen
Keine Tags, Fügen Sie das erste Tag hinzu!

MARC

LEADER 00000nam a2200000 4500
001 c106720
005 20140320094707.8
041 0 |a ger 
044 |a DE 
245 1 0 |a Diskontinuierliche arithmetische Gruppen im Funktionenkörperfall  |b dissertation  |c Wolfgang Radtke 
264 1 |a Bochum  |b Ruhr-Universität  |c 1984 
300 |a 90 s. 
100 1 |a Radtke, Wolfgang